Efficacy of low-level laser on renal pruritus in hemodialysis patients / (Record no. 163840)
[ view plain ]
| 000 -LEADER | |
|---|---|
| fixed length control field | 04212nam a2200433Ia 4500 |
| 003 - CONTROL NUMBER IDENTIFIER | |
| control field | OSt |
| 005 - أخر تعامل مع التسجيلة | |
| control field | 20260629142644.0 |
| 008 - FIXED-LENGTH DATA ELEMENTS--GENERAL INFORMATION | |
| fixed length control field | 2310s2021 ua a frm 000 engnd d |
| 040 ## - CATALOGING SOURCE | |
| Original cataloguing agency | EG-EULC |
| Language of cataloging | eng |
| Transcribing agency | EG-EULC |
| Modifying agency | EG-EULC |
| Description conventions | rda |
| 041 0# - LANGUAGE CODE | |
| Language code of text/sound track or separate title | eng |
| Language code of summary or abstract | eng |
| -- | ara |
| 049 ## - Acquisition Source | |
| Acquisition Source | Deposit |
| 082 ## - DEWEY DECIMAL CLASSIFICATION NUMBER | |
| Classification number | 610 |
| 092 ## - LOCALLY ASSIGNED DEWEY CALL NUMBER (OCLC) | |
| Classification number | 610 |
| Edition number | 21 |
| 097 ## - Degree | |
| Degree | M.Sc |
| 099 ## - LOCAL FREE-TEXT CALL NUMBER (OCLC) | |
| Local Call Number | Cai01.21.07.M.Sc.2021.Am.E |
| 100 ## - MAIN ENTRY--PERSONAL NAME | |
| Authority record control number or standard number | Amany Ibrahim Marae Farek, |
| Preparation | preparation. |
| 245 ## - TITLE STATEMENT | |
| Title | Efficacy of low-level laser on renal pruritus in hemodialysis patients / |
| Statement of responsibility, etc. | by Amany Ibrahim Marae Farek ; Supervised Prof.Dr. Zakaria Mowafy Emam, Prof.Dr. Sherif Ahmed Swar, Prof.Dr. Marwa Mahdy Abdelhameed |
| 246 ## - VARYING FORM OF TITLE | |
| Title proper/short title | فاعلية الليزر منخفض الشدة على الحكة الكلوية في مرضى الغسيل الكلوي |
| 264 #0 - PRODUCTION, PUBLICATION, DISTRIBUTION, MANUFACTURE, AND COPYRIGHT NOTICE | |
| Date of production, publication, distribution, manufacture, or copyright notice | 2021. |
| 300 ## - PHYSICAL DESCRIPTION | |
| Extent | 106 p. : |
| Other physical details | illustrations ; |
| Dimensions | 25cm+ |
| Accompanying material | CD |
| 336 ## - CONTENT TYPE | |
| Source | rda content |
| Content type term | text |
| 337 ## - MEDIA TYPE | |
| Source | rdamedia |
| Media type term | Unmediated |
| 338 ## - CARRIER TYPE | |
| Source | rdacarrier |
| Carrier type term | volume |
| 502 ## - DISSERTATION NOTE | |
| Dissertation note | Thesis (M.Sc.)-Cairo University - Faculty of Physical Therapy - Department of Physical Therapy for Surgery |
| 504 ## - BIBLIOGRAPHY, ETC. NOTE | |
| Bibliography, etc. note | Bibliography: p. 81-89. |
| 520 #3 - SUMMARY, ETC. | |
| Summary, etc. | Purpose: The current study was conducted to evaluate efficacy of low-level laser on renal pruritus in hemodialysis patients.<br/>Subject and Methods: Thirty patients who established diagnosis of chronic renal failure with age ranged from 35-60years were selected randomly from Hemodialysis Unit of Al-Galaa military Hospital ,Only who agreed to be volunteers participated in the study and were randomized into two groups of equal number, 15 patients for each group, group (A) received low level laser therapy 3times/week for 8 consecutive weeks and anti-histamine and their conventional medical care.group (B) who only received anti-histamine and their conventional medical care Parameters: Itching visual analogue scale (VAS) and 5-D Pruritus scale.<br/>Results: The results showed that there was significant decrease in the results of VAS and 5-D pruritus; but the results of group (A) were superior to that of group (B) when comparing the groups results together.<br/>Conclusion: It can be concluded that low level laser therapy (LLLT) relief itching pain and can lower progression of renal pruritus in patients undergoing heamodialysis |
| 520 #3 - SUMMARY, ETC. | |
| Summary, etc. | الغرض من الدراسة الحالية دراسة فاعلية الليزر منخفض الشدة على الحكة الكلوية في مرضى الغسيل الكلوي واستغرقت الدراسة ٨ أسابيع متتاليه اشترك فيها ۳۰ مريضا تم إختيارهم من وحدة الغسيل الكلوي بمستشفى الجلاء العسكري بالقاهرة تتراوح أعمارهم مابين35-60عاما من الذكوروتم تقسيمهم عشوائيا إلى مجموعتين متساويتين ، المجموعة الأولي تكونت من ۱٥مريضا ممن تلقوا العلاج بالليزر منخفض الشدة ومضادات الهيستامين وكذلك الرعاية الطبية والمجموعة الثانية تكونت من ۱٥مريضا ممن تلقوا فقط العلاج بمضادات الهيستامين وكذلك الرعاية الطبية ولقد تم تقييم فاعلية العلاج عن طريق مقياس شدة الألم والنسخة العربية من مقياس الحكة الجلدية ولقد أظهرت النتائج أن هناك فروق ذات دلالة إحصائية بين كلا المجموعتين وكانت الأفضلية لصالح المجموعة العلاجية الأولى |
| 530 ## - ADDITIONAL PHYSICAL FORM AVAILABLE NOTE | |
| Issues CD | Issues also as CD. |
| 546 ## - LANGUAGE NOTE | |
| Text Language | Text in English and abstract in Arabic & English. |
| 650 ## - SUBJECT ADDED ENTRY--TOPICAL TERM | |
| Topical term or geographic name entry element | Physical Therapy |
| 653 ## - INDEX TERM--UNCONTROLLED | |
| Uncontrolled term | Renal Pruritus |
| 700 ## - ADDED ENTRY--PERSONAL NAME | |
| Personal name | Zakaria Mowafy Emam |
| Relator term | thesis advisor. |
| 700 ## - ADDED ENTRY--PERSONAL NAME | |
| Personal name | Sherif Ahmed Swar |
| Relator term | thesis advisor. |
| 700 ## - ADDED ENTRY--PERSONAL NAME | |
| Personal name | Marwa Mahdy Abdelhameed |
| Relator term | thesis advisor. |
| 900 ## - Thesis Information | |
| Grant date | 01-01-2021 |
| Supervisory body | Zakaria Mowafy Emam |
| -- | Sherif Ahmed Swar |
| -- | Marwa Mahdy Abdelhameed |
| Universities | Cairo University |
| Faculties | Faculty of Physical Therapy |
| Department | Department of Physical Therapy for Surgery |
| 905 ## - Cataloger and Reviser Names | |
| Cataloger Name | Shimaa |
| 942 ## - ADDED ENTRY ELEMENTS (KOHA) | |
| Koha item type | Thesis |
| Source of classification or shelving scheme | Dewey Decimal Classification |
| Source of classification or shelving scheme | Home library | Current library | Date acquired | Inventory number | Full call number | Barcode | Date last seen | Effective from | Koha item type |
|---|---|---|---|---|---|---|---|---|---|
| Dewey Decimal Classification | المكتبة المركزبة الجديدة - جامعة القاهرة | قاعة الرسائل الجامعية - الدور الاول | 11.02.2024 | 85917 | Cai01.21.07.M.Sc.2021.Am.E | 01010110085917000 | 30.10.2023 | 30.10.2023 | Thesis |